La lucha por la libertad / (Record no. 177392)

MARC details
000 -LEADER
campo de control de longitud fija 01371nam a2200313 i 4500
001 - NÚMERO DE CONTROL
campo de control 177392
003 - IDENTIFICADOR DE NÚMERO DE CONTROL
campo de control ES-MaACL
005 - FECHA Y HORA DE LA ÚLTIMA TRANSACCIÓN
campo de control 20230907123350.0
008 - DATOS DE LONGITUD FIJA--INFORMACIÓN GENERAL
campo de control de longitud fija 110321s2009 sp aco |||| |dspa d
017 ## - NÚMERO DE COPYRIGHT O DE DEPÓSITO LEGAL
Número de copyright o de depósito legal M-52189-2009
080 ## - NÚMERO DE LA CLASIFICACIÓN DECIMAL UNIVERSAL
Número de la Clasificación Decimal Universal 061.233(460.27 M.)
080 ## - NÚMERO DE LA CLASIFICACIÓN DECIMAL UNIVERSAL
Número de la Clasificación Decimal Universal 323.281(460)"1939/75"
080 ## - NÚMERO DE LA CLASIFICACIÓN DECIMAL UNIVERSAL
Número de la Clasificación Decimal Universal 929:343.811(460)"1939/75"
080 ## - NÚMERO DE LA CLASIFICACIÓN DECIMAL UNIVERSAL
Número de la Clasificación Decimal Universal 323.25/.26(460)"1939/75"
245 03 - MENCIÓN DEL TÍTULO
Título La lucha por la libertad /
Mención de responsabilidad, etc. Asociación de Ex-presos y Represaliados Políticos Antifranquistas de Madrid, con la colaboración de la Coordinadora de Asociaciones de Expresos de las distintas comunidades.
250 ## - MENCION DE EDICION
Mención de edición 1ª ed.
260 ## - PUBLICACIÓN, DISTRIBUCIÓN, ETC.
Lugar de publicación, distribución, etc. Madrid :
Nombre del editor, distribuidor, etc. Asociación de Expresos y Represaliados Políticos Antifranquistas,
Fecha de publicación, distribución, etc. 2009.
300 ## - DESCRIPCIÓN FÍSICA
Extensión 301 p. :
Otras características físicas il., fot. ;
Dimensiones 24 cm.
504 ## - NOTA DE BIBLIOGRAFÍA, ETC.
Nota de bibliografía, etc. Bibliografía: p. 301.
610 24 - PUNTO DE ACCESO ADICIONAL DE MATERIA--NOMBRE DE ENTIDAD CORPORATIVA
Nombre de entidad corporativa o nombre de jurisdicción como elemento de entrada Asociación de Expresos y Represaliados Políticos Antifranquistas.
9 (RLIN) 145751
650 #7 - PUNTO DE ACCESO ADICIONAL DE MATERIA--TÉRMINO DE MATERIA
Término de materia o nombre geográfico como elemento de entrada Represión política-
Subdivisión geográfica España-
Subdivisión cronológica 1939-1975.
9 (RLIN) 145752
650 #7 - PUNTO DE ACCESO ADICIONAL DE MATERIA--TÉRMINO DE MATERIA
Término de materia o nombre geográfico como elemento de entrada Presos políticos-
Subdivisión geográfica España-
Subdivisión cronológica 1939-1975.
9 (RLIN) 16394
650 #7 - PUNTO DE ACCESO ADICIONAL DE MATERIA--TÉRMINO DE MATERIA
Término de materia o nombre geográfico como elemento de entrada Resistencia al gobierno-
Subdivisión geográfica España-
Subdivisión cronológica 1939-1975.
9 (RLIN) 145754
710 2# - ENTRADA AGREGADA--NOMBRE DE ENTIDAD CORPORATIVA
Nombre de entidad corporativa o nombre de jurisdicción como elemento de entrada Asociación de Expresos y Represaliados Políticos Antifranquistas.
9 (RLIN) 145751
852 4# - LOCALIZACIÓN
Ubicación ES-MaACL
itemnumber 184210
Sublocalización o colección R.145545
Número de control de estantería A-11055
Signatura antigua Olim:N-4060
Ubicación en estantería Depósito 1
942 ## - ELEMENTOS DE ENTRADA SECUNDARIOS (KOHA)
Fuente del sistema de clasificación o colocación Clasificación decimal universal
Tipo de ítem Koha Libro impreso
Holdings
Estatus retirado Estado de pérdida Fuente del sistema de clasificación o colocación Estado de daño No para préstamo Biblioteca de origen Biblioteca actual Ubicación en estantería Fecha de adquisición Fuente de adquisición Total de préstamos Signatura topográfica completa Código de barras Visto por última vez Precio de reemplazo Tipo de ítem Koha
    Clasificación decimal universal     Biblioteca del Ateneo de Madrid Biblioteca del Ateneo de Madrid Depósito 1 21/03/2011 Donación   A-11055 1186316 23/02/2023 23/02/2023 Libro impreso